Manual of Excavators/ (Record no. 12201)
[ view plain ]
| 000 -LEADER | |
|---|---|
| fixed length control field | 00864nam a2200253 4500 |
| 001 - CONTROL NUMBER | |
| control field | 785990 |
| 005 - DATE AND TIME OF LATEST TRANSACTION | |
| control field | 19690811000000.0 |
| 008 - FIXED-LENGTH DATA ELEMENTS--GENERAL INFORMATION | |
| fixed length control field | 690730s1968 ge af 000 0 eng |
| 010 ## - LIBRARY OF CONGRESS CONTROL NUMBER | |
| LC control number | 73398995 |
| 015 ## - NATIONAL BIBLIOGRAPHY NUMBER | |
| National bibliography number | GDNB68-A23-473 |
| 040 ## - CATALOGING SOURCE | |
| Original cataloging agency | DLC |
| Transcribing agency | DLC |
| Modifying agency | DLC |
| 041 1# - LANGUAGE CODE | |
| Language code of text/sound track or separate title | engger |
| 050 00 - LIBRARY OF CONGRESS CALL NUMBER | |
| Classification number | TA735 |
| Item number | .B7313 |
| 082 00 - DEWEY DECIMAL CLASSIFICATION NUMBER | |
| Classification number | 624.152 |
| Edition number | 22 |
| Item number | BRE |
| 100 1# - MAIN ENTRY--PERSONAL NAME | |
| Personal name | Breitung, Herbert. |
| 9 (RLIN) | 7568 |
| 245 10 - TITLE STATEMENT | |
| Title | Manual of Excavators/ |
| Statement of responsibility, etc | By Herbert Breitung; Translated from the German by Herbert Liebacher |
| 260 ## - PUBLICATION, DISTRIBUTION, ETC. (IMPRINT) | |
| Place of publication, distribution, etc | Leipzig) |
| Name of publisher, distributor, etc | Edition Leipzig, |
| Date of publication, distribution, etc | 1968 |
| 300 ## - PHYSICAL DESCRIPTION | |
| Extent | 128 p.: |
| Other physical details | with illus., 2 plates.; |
| Dimensions | 20 cm. |
| 350 ## - PRICE (NR) (BK AM CF MU VM SE) [OBSOLETE] | |
| Price | 9.80 |
| 490 0# - Series Statement | |
| Series statement | Technical fundamentals |
| 650 #0 - SUBJECT ADDED ENTRY--TOPICAL TERM | |
| Topical term or geographic name as entry element | Excavating machinery. |
| 9 (RLIN) | 7569 |
| 942 ## - ADDED ENTRY ELEMENTS (KOHA) | |
| Source of classification or shelving scheme | Dewey Decimal Classification |
| Item type | Book - Borrowing |
| Withdrawn status | Item status | Source of classification or shelving scheme | Damaged status | Not for loan | Vendor | Home library | Current library | Shelving location | Date acquired | Source of acquisition | Cost, normal purchase price | Total Checkouts | Full call number | Barcode | Date last seen | Koha item type |
|---|---|---|---|---|---|---|---|---|---|---|---|---|---|---|---|---|
| Dewey Decimal Classification | Alahram | Central Library | Central Library | First floor | 06/07/2009 | 150.00 | 624.152 BRE | 000017208 | 15/07/2025 | Book - Borrowing |